| 000 | 006350000a22002170004500 | ||
|---|---|---|---|
| 090 |
_aAR _b03389 |
||
| 245 | 1 | 0 | _aNotes on birds at swarms of army ants in the highlands of Colombia |
| 500 | _a<Colección Aves> | ||
| 650 | 1 | 4 |
_aOrnitología _993189 |
| 650 | 1 | 4 |
_aAves _992429 |
| 650 | 1 | 4 |
_aHormigas _992499 |
| 650 | 1 | 4 |
_aDepredadores _912708 |
| 650 | 1 | 4 |
_aControl biológico _992696 |
| 651 | 4 |
_pColombia _992749 |
|
| 653 |
_gEciton _eEciton burchelli |
||
| 653 |
_gLabidus _eLabidus praedator |
||
| 041 | 0 | _aInglés | |
| 100 | 1 |
_aHilty, Steven L. _97159 |
|
| 942 | _cARTICULO | ||
| 773 | 1 |
_tWilson Bulletin _3139 _h4 _q479-481 _d1974 _g86 |
|
| 999 |
_c12440 _d12440 |
||